000 00758nam a2200253Ia 4500
003 OSt
005 20220927105548.0
006 a|||||r|||| 00| 0
007 ta
008 220926b |||||||| |||| 00| 0 eng d
024 _a177125
037 _cReference Collections
040 _aRTL
_cRTL
_beng
041 _2eng
_aeng
082 _a"V2,31p.N83, M3.125-11/GD"
110 _a"INDIA, RAJYA SABHA"
_9373287
245 0 _aParliamentary debates
_b official report.
260 _aNew
_bDelhi Rajya Sabha Secretariat India
_c1983
300 _a"iii,330p."
_ccm.
490 _v"Vol.125, no. 11"
700 _a"INDIA, RAJYA SABHA"
_9373288
942 _h"V2,31p.N83, M3.125-11/GD"
_cCC
999 _c693110
_d693110